IFM Opac

Acquisitions from the third world (Record no. 19109)

MARC details
000 -LEADER
fixed length control field 00305nam a22001217a 4500
020 ## - INTERNATIONAL STANDARD BOOK NUMBER
International Standard Book Number 0 7201 0453 X
082 ## - DEWEY DECIMAL CLASSIFICATION NUMBER
Classification number 025.2 ACQ
245 ## - TITLE STATEMENT
Title Acquisitions from the third world
260 ## - PUBLICATION, DISTRIBUTION, ETC.
Place of publication, distribution, etc. London
Name of publisher, distributor, etc. Mansell
Date of publication, distribution, etc. 1975
300 ## - PHYSICAL DESCRIPTION
Extent vii,276p.
Other physical details ill.;24cm
650 ## - SUBJECT ADDED ENTRY--TOPICAL TERM
Topical term or geographic name entry element Acquisitions from the third world
942 ## - ADDED ENTRY ELEMENTS (KOHA)
Koha item type Books
Holdings
Withdrawn status Lost status Damaged status Not for loan Home library Current library Shelving location Date acquired Total Checkouts Full call number Barcode Date last seen Price effective from Koha item type
        IFM Main Campus Library IFM Main Campus Library Archival Collection 10/11/2015   025.2 ACQ 0000012587 10/11/2017 02/19/2022 Books